Telecommunications

Na minha lista:
Detalhes bibliográficos
Autor principal: Brown, J.
Formato: Livro
Idioma:Undetermined
Publicado em: New York Halsted Press 1974
Assuntos:
Tags: Adicionar Tag
Sem tags, seja o primeiro a adicionar uma tag!
Thư viện lưu trữ: Trung tâm Học liệu Trường Đại học Cần Thơ
LEADER 00455nam a2200181Ia 4500
001 CTU_82584
008 210402s9999 xx 000 0 und d
082 |a 621.38 
082 |b B877 
100 |a Brown, J. 
245 0 |a Telecommunications 
245 0 |c J. Brown 
260 |a New York 
260 |b Halsted Press 
260 |c 1974 
650 |a Telecommunication 
904 |i Qhieu(sửa) 
980 |a Trung tâm Học liệu Trường Đại học Cần Thơ